Advanced macroeconomics (Record no. 20280)

MARC details
000 -LEADER
fixed length control field 00490nam a2200193 a 4500
001 - CONTROL NUMBER
control field 158008
003 - CONTROL NUMBER IDENTIFIER
control field OSt
005 - DATE AND TIME OF LATEST TRANSACTION
control field 20211126123429.0
008 - FIXED-LENGTH DATA ELEMENTS--GENERAL INFORMATION
fixed length control field 200701 ### ENG
020 ## - INTERNATIONAL STANDARD BOOK NUMBER
International Standard Book Number 9789353166786
082 ## - DEWEY DECIMAL CLASSIFICATION NUMBER
Classification number 339
Item number R66A
100 ## - MAIN ENTRY--PERSONAL NAME
Personal name Romer, David
245 ## - TITLE STATEMENT
Title Advanced macroeconomics
Statement of responsibility, etc by David Romer
250 ## - EDITION STATEMENT
Edition statement 4th ed.
260 ## - PUBLICATION, DISTRIBUTION, ETC. (IMPRINT)
Place of publication, distribution, etc Chennai
Name of publisher, distributor, etc McGraw Hill Education (India) Pvt. Ltd.
Date of publication, distribution, etc 2019
300 ## - PHYSICAL DESCRIPTION
Extent xvi, 716p.
653 ## - INDEX TERM--UNCONTROLLED
Uncontrolled term Macroeconomics
942 ## - ADDED ENTRY ELEMENTS (KOHA)
Source of classification or shelving scheme Dewey Decimal Classification
Koha item type Books
Holdings
Withdrawn status Lost status Damaged status Not for loan Collection code Home library Current library Date acquired Source of acquisition Total Checkouts Full call number Barcode Date last seen Date checked out Price effective from Koha item type
        General Text Book Central University Of Rajasthan Central University Of Rajasthan 30/06/2020 ECO 7 339 R66A 33026 17/04/2025 02/04/2025 02/09/2020 Books
        General Text Book Central University Of Rajasthan Central University Of Rajasthan 01/07/2020 ECO 1 339 R66A 33025 11/03/2025 25/02/2025 02/09/2020 Books
        General Text Book Central University Of Rajasthan Central University Of Rajasthan 03/07/2020 ECO 1 339 R66A 33024 21/05/2024 10/05/2024 02/09/2020 Books